[Event "SRB-chT 2nd League"]
[Site "Novi Sad"]
[Date "2023.11.06"]
[Round "7.4"]
[White "Telecki, Ivan"]
[Black "Kovacevic, Sinisa"]
[Result "1-0"]
[WhiteElo "2260"]
[BlackElo "2240"]
[PlyCount "51"]
[EventDate "2023.11.02"]
[EventType "team-tourn"]
[EventRounds "11"]
[EventCountry "SRB"]
[SourceTitle "CB46_2023"]
[SourceDate "2023.11.15"]
[SourceVersion "1"]
[SourceVersionDate "2023.11.15"]
[SourceQuality "1"]
[WhiteTeam "Zlatica"]
[BlackTeam "Mladenovo"]
[WhiteTeamCountry "SRB"]
[BlackTeamCountry "SRB"]

1. e4 e6 2. d3 d5 3. Nd2 c5 4. g3 Nc6 5. Bg2 Nf6 6. Ngf3 Be7 7. 0-0 0-0 8. b3 b5 9. Bb2 a5 10. e5 Nd7 11. c4 bxc4 12. dxc4 Ba6 13. Re1 Rb8 14. cxd5 exd5 15. e6 fxe6 16. Rxe6 Qc8 17. Ng5 Nb6 18. Qh5 Bxg5 19. Qxg5 Rf7 20. Rae1 Qd7 21. Nf3 Bd3 22. Bh3 Qd8 23. Rxc6 Qd7 24. Rf6 Rc8 25. Rfe6 Rcf8 26. Rf6 1-0

[Event "SRB-chT 2nd League"]
[Site "Vrnjacka Banja"]
[Date "2022.11.06"]
[Round "3.2"]
[White "Kumic, Filip"]
[Black "Kovacevic, Sinisa"]
[Result "1/2-1/2"]
[WhiteElo "2231"]
[BlackElo "2235"]
[PlyCount "90"]
[EventDate "2022.11.04"]
[EventType "team-tourn"]
[EventRounds "11"]
[EventCountry "SRB"]
[SourceTitle "CBM 211 Extra"]
[Source "ChessBase"]
[SourceDate "2023.01.31"]
[SourceVersion "1"]
[SourceVersionDate "2023.01.31"]
[SourceQuality "1"]
[WhiteTeam "Petrovaradin Kraljica"]
[BlackTeam "Mladenovo"]
[WhiteTeamCountry "SRB"]
[BlackTeamCountry "SRB"]

1. Nf3 d5 2. d4 Nf6 3. c4 e6 4. Nc3 Nbd7 5. Bf4 dxc4 6. Qa4 Nd5 7. Bg5 f6 8. Bd2 N5b6 9. Qc2 c5 10. e3 cxd4 11. exd4 Bb4 12. b3 Bxc3 13. Bxc3 cxb3 14. Qxb3 Nd5 15. Bd2 0-0 16. Bd3 Re8 17. 0-0 Nf8 18. a4 Qd6 19. Rfe1 Rb8 20. Re4 Bd7 21. h4 Bc6 22. h5 Rbd8 23. h6 g6 24. Bb5 Re7 25. Rae1 Rc7 26. g3 Rdc8 27. Kg2 a6 28. Bxc6 Qxc6 29. a5 g5 30. Rc1 Qd7 31. Rce1 Rc2 32. Qd3 Qc6 33. Bxg5 fxg5 34. Rg4 Nf6 35. Rxg5+ Kh8 36. Kg1 N8d7 37. Rg7 Rg8 38. Ne5 Nxe5 39. dxe5 Rc1 40. Rxc1 Qxc1+ 41. Kg2 Qc6+ 42. f3 Rxg7 43. hxg7+ Kxg7 44. exf6+ Kxf6 45. Qxh7 b5 1/2-1/2

[Event "SRB-chT 2nd League"]
[Site "Vrnjacka Banja"]
[Date "2022.11.04"]
[Round "1.3"]
[White "Bojkovic, Slobodan"]
[Black "Kovacevic, Sinisa"]
[Result "1/2-1/2"]
[WhiteElo "2127"]
[BlackElo "2235"]
[PlyCount "60"]
[EventDate "2022.11.04"]
[EventType "team-tourn"]
[EventRounds "11"]
[EventCountry "SRB"]
[SourceTitle "CBM 211 Extra"]
[Source "ChessBase"]
[SourceDate "2023.01.31"]
[SourceVersion "1"]
[SourceVersionDate "2023.01.31"]
[SourceQuality "1"]
[WhiteTeam "Krajisnik Krajina"]
[BlackTeam "Mladenovo"]
[WhiteTeamCountry "SRB"]
[BlackTeamCountry "SRB"]

1. e4 e6 2. d4 d5 3. Nc3 Bb4 4. Nge2 dxe4 5. a3 Be7 6. Nxe4 Nd7 7. g3 Ngf6 8. Bg2 0-0 9. 0-0 Nxe4 10. Bxe4 e5 11. dxe5 Nxe5 12. Bf4 Bf6 13. Nc3 Qxd1 14. Raxd1 c6 15. Na4 Re8 16. c3 Ng6 17. Bxg6 hxg6 18. f3 b6 19. c4 Be6 20. b3 Bf5 21. Rf2 Rad8 22. Rxd8 Rxd8 23. g4 Rd1+ 24. Kg2 Be6 25. Rd2 Ra1 26. Bd6 Rb1 27. Rd3 Ra1 28. Nc3 c5 29. a4 Bxc3 30. Rxc3 Rd1 1/2-1/2

[Event "Vojvodina op 11th"]
[Site "Novi Sad"]
[Date "2021.07.30"]
[Round "7"]
[White "Kovacevic, Sinisa"]
[Black "Anand, Batsukh"]
[Result "0-1"]
[WhiteElo "2284"]
[BlackElo "1965"]
[PlyCount "83"]
[EventDate "2021.07.25"]
[EventType "swiss"]
[EventRounds "9"]
[EventCountry "SRB"]
[SourceTitle "CBM 203 Extra"]
[Source "ChessBase"]
[SourceDate "2021.09.30"]
[SourceVersion "1"]
[SourceVersionDate "2021.09.30"]
[SourceQuality "1"]

1. d4 Nf6 2. c4 g6 3. Nc3 Bg7 4. Nf3 0-0 5. g3 d6 6. Bg2 c6 7. 0-0 Qa5 8. e4 Bg4 9. h3 Bxf3 10. Bxf3 e5 11. d5 cxd5 12. cxd5 Rc8 13. Be3 Nbd7 14. a3 a6 15. b4 Qd8 16. Qb3 h5 17. a4 Kh7 18. g4 hxg4 19. hxg4 Kg8 20. Kg2 Nh7 21. Be2 Bf6 22. a5 Bg5 23. Na4 Bxe3 24. Qxe3 Qg5 25. Rfc1 Qxe3 26. fxe3 Ng5 27. Bd3 Kf8 28. Nb6 Nxb6 29. axb6 Rab8 30. b5 axb5 31. Rxc8+ Rxc8 32. Ra7 Rb8 33. Kf2 b4 34. Ke2 Nh7 35. Bb5 Kg7 36. Ra4 b3 37. Rb4 Nf6 38. Kf3 Kh6 39. Rxb3 Kg5 40. Rc3 Rh8 41. Rc7 Rh3+ 42. Kg2 0-1

[Event "Vojvodina op 11th"]
[Site "Novi Sad"]
[Date "2021.07.25"]
[Round "1"]
[White "Kovacevic, Sinisa"]
[Black "Aditya, Bikram Paul"]
[Result "1/2-1/2"]
[WhiteElo "2284"]
[BlackElo "1964"]
[PlyCount "61"]
[EventDate "2021.07.25"]
[EventType "swiss"]
[EventRounds "9"]
[EventCountry "SRB"]
[SourceTitle "CBM 203 Extra"]
[Source "ChessBase"]
[SourceDate "2021.09.30"]
[SourceVersion "1"]
[SourceVersionDate "2021.09.30"]
[SourceQuality "1"]

1. d4 Nf6 2. Nf3 e6 3. c4 Bb4+ 4. Nbd2 c5 5. e3 cxd4 6. Nxd4 0-0 7. a3 Be7 8. Be2 d5 9. 0-0 e5 10. N4f3 Nc6 11. cxd5 Nxd5 12. Nc4 e4 13. Nd4 Nxd4 14. Qxd4 Nf6 15. Rd1 Qxd4 16. Rxd4 Be6 17. b4 Nd5 18. Bb2 Rac8 19. Rd2 Nxb4 20. axb4 Bxc4 21. Bxc4 Rxc4 22. Rxa7 Bxb4 23. Rd4 Rxd4 24. Bxd4 Rb8 25. Be5 Rd8 26. g4 b6 27. Rb7 Rd1+ 28. Kg2 f6 29. Rxb6 Bc5 30. Rc6 Rd5 31. Bf4 1/2-1/2

[Event "Gligoric Cup 7th"]
[Site "Backa Palanka"]
[Date "2021.06.06"]
[Round "5.2"]
[White "Kovacevic, Sinisa"]
[Black "Stankovic, Milos M"]
[Result "0-1"]
[WhiteElo "2259"]
[BlackElo "2348"]
[PlyCount "82"]
[EventDate "2021.06.03"]
[EventType "team-tourn"]
[EventRounds "5"]
[EventCountry "SRB"]
[SourceTitle "CBM 203 Extra"]
[Source "ChessBase"]
[SourceDate "2021.09.30"]
[SourceVersion "1"]
[SourceVersionDate "2021.09.30"]
[SourceQuality "1"]
[WhiteTeam "Srbobran"]
[BlackTeam "Backa Palanka"]
[WhiteTeamCountry "SRB"]
[BlackTeamCountry "SRB"]

1. d4 d6 2. Nf3 f5 3. c4 Nf6 4. Nc3 g6 5. g3 Bg7 6. Bg2 0-0 7. 0-0 Na6 8. Re1 c6 9. Bf4 Nh5 10. Qd2 Nxf4 11. gxf4 Rb8 12. Rac1 Nc7 13. d5 c5 14. a4 a6 15. Na2 Bd7 16. a5 b6 17. b4 cxb4 18. Qxb4 Na8 19. axb6 Qxb6 20. Qxb6 Rxb6 21. c5 Rb2 22. c6 Rxa2 23. cxd7 Nb6 24. Ng5 Nxd7 25. Rc7 Nc5 26. Rxe7 Bf6 27. Rc7 Bxg5 28. fxg5 a5 29. Rc6 Rd8 30. e4 fxe4 31. Bxe4 a4 32. Bb1 Rb2 33. Rc7 a3 34. Ra7 Rdb8 35. Ba2 Rxa2 36. Ree7 Ra1+ 37. Kg2 a2 38. Rg7+ Kf8 39. Raf7+ Ke8 40. Re7+ Kd8 41. Ref7 Re1 0-1

[Event "Vrnjacka Banja Gligoric Cup 6th"]
[Site "Vrnjacka Banja"]
[Date "2019.05.26"]
[Round "5.2"]
[White "Kovacevic, Sinisa"]
[Black "Roganovic, Milos"]
[Result "0-1"]
[WhiteElo "2180"]
[BlackElo "2507"]
[PlyCount "56"]
[EventDate "2019.05.23"]
[EventType "team-swiss"]
[EventRounds "5"]
[EventCountry "SRB"]
[SourceTitle "CBM 190 Extra"]
[Source "ChessBase"]
[SourceDate "2019.07.15"]
[SourceVersion "1"]
[SourceVersionDate "2019.07.15"]
[SourceQuality "1"]
[WhiteTeam "Srbobran"]
[BlackTeam "Goracici Jelica"]
[WhiteTeamCountry "SRB"]
[BlackTeamCountry "SRB"]

1. d4 Nf6 2. Nf3 c5 3. dxc5 Na6 4. c4 g6 5. Nc3 Bg7 6. Qc2 Nxc5 7. e4 d6 8. Be2 0-0 9. 0-0 Bd7 10. Re1 Rc8 11. Rb1 Ncxe4 12. Nxe4 Nxe4 13. Be3 Nc5 14. Qd2 Re8 15. b4 Ne4 16. Qc2 Nc3 17. Rbc1 a5 18. a3 axb4 19. axb4 Nxe2+ 20. Qxe2 Qc7 21. Bd4 e5 22. Be3 Be6 23. c5 d5 24. Red1 d4 25. Bd2 Bb3 26. Re1 e4 27. Ng5 Bd5 28. g3 Qd7 0-1

[Event "Vrnjacka Banja Gligoric Cup 6th"]
[Site "Vrnjacka Banja"]
[Date "2019.05.25"]
[Round "3.2"]
[White "Kiproski, Branislav"]
[Black "Kovacevic, Sinisa"]
[Result "1-0"]
[WhiteElo "2287"]
[BlackElo "2180"]
[PlyCount "65"]
[EventDate "2019.05.23"]
[EventType "team-swiss"]
[EventRounds "5"]
[EventCountry "SRB"]
[SourceTitle "CBM 190 Extra"]
[Source "ChessBase"]
[SourceDate "2019.07.15"]
[SourceVersion "1"]
[SourceVersionDate "2019.07.15"]
[SourceQuality "1"]
[WhiteTeam "Belgrade Tadic"]
[BlackTeam "Srbobran"]
[WhiteTeamCountry "SRB"]
[BlackTeamCountry "SRB"]

1. d4 e6 2. Nf3 d5 3. c4 Nf6 4. e3 Be7 5. b3 0-0 6. Bb2 b6 7. Nbd2 Bb7 8. Bd3 Nbd7 9. 0-0 c5 10. Qe2 Re8 11. Rac1 cxd4 12. exd4 Nf8 13. c5 Rc8 14. b4 Ng6 15. Bb5 Rf8 16. Ne5 a6 17. c6 axb5 18. cxb7 Rxc1 19. Rxc1 Qb8 20. Qxb5 Qxb7 21. Ndf3 Rc8 22. Rc6 Rxc6 23. Nxc6 Bf8 24. a4 Nd7 25. a5 Qc7 26. a6 h6 27. a7 Qb7 28. Qa4 Qa8 29. b5 Ne7 30. Ba3 Nxc6 31. bxc6 b5 32. Qxb5 Qxa7 33. cxd7 1-0

[Event "Vojvodina op 9th"]
[Site "Novi Sad"]
[Date "2018.07.23"]
[Round "3"]
[White "Kovacevic, Sinisa"]
[Black "Milosevic, Milos"]
[Result "0-1"]
[WhiteElo "2202"]
[BlackElo "2315"]
[PlyCount "46"]
[EventDate "2018.07.22"]
[EventType "swiss"]
[EventRounds "9"]
[EventCountry "YUG"]
[SourceTitle "CBM 185 Extra"]
[Source "ChessBase"]
[SourceDate "2018.07.29"]
[SourceVersion "1"]
[SourceVersionDate "2018.07.29"]
[SourceQuality "1"]

1. d4 f5 2. e4 fxe4 3. Nc3 Nf6 4. Bg5 Nc6 5. d5 Ne5 6. Qd4 Nf7 7. Bxf6 exf6 8. Qxe4+ Qe7 9. Bd3 Qxe4+ 10. Bxe4 Bb4 11. Nge2 0-0 12. 0-0 Re8 13. Rfe1 d6 14. Nd4 Bd7 15. Ne6 Rac8 16. f4 c6 17. Rad1 g6 18. f5 Ne5 19. dxc6 bxc6 20. Nd4 d5 21. Bd3 Bc5 22. Ba6 Rb8 23. Kf1 Ng4 0-1

[Event "Vojvodina op 8th"]
[Site "Novi Sad"]
[Date "2017.07.17"]
[Round "2"]
[White "Bala, Karlo"]
[Black "Kovacevic, Sinisa"]
[Result "1/2-1/2"]
[WhiteElo "2264"]
[BlackElo "2167"]
[PlyCount "74"]
[EventDate "2017.07.16"]
[EventType "swiss"]
[EventRounds "9"]
[EventCountry "SRB"]
[SourceTitle "EXT 2018"]
[Source "ChessBase"]
[SourceDate "2017.10.13"]
[SourceVersion "1"]
[SourceVersionDate "2017.10.13"]
[SourceQuality "1"]

1. d4 e6 2. Bf4 Nf6 3. e3 d5 4. Nf3 Bd6 5. Bg3 0-0 6. Nbd2 Qe7 7. Bd3 Nbd7 8. Ne5 Re8 9. f4 Nf8 10. 0-0 N6d7 11. e4 c5 12. Nxd7 Bxd7 13. e5 Bc7 14. Qg4 f5 15. exf6 Qxf6 16. Nf3 c4 17. Bh4 Qxf4 18. Qxf4 Bxf4 19. Be2 Ng6 20. Bf2 Bd6 21. Rad1 Nf4 22. Rfe1 c3 23. b3 Nxe2+ 24. Rxe2 Bf4 25. Bg3 Bb5 26. Ree1 Bh6 27. a4 Ba6 28. Bh4 b5 29. axb5 Bxb5 30. Bg5 a5 31. Re3 a4 32. bxa4 Bxa4 33. Bxh6 gxh6 34. Rxc3 Rac8 35. Rxc8 Rxc8 36. Rc1 Rxc2 37. Rxc2 Bxc2 1/2-1/2

[Event "Vojvodina-ch 7th"]
[Site "Novi Sad"]
[Date "2016.07.19"]
[Round "7"]
[White "Atalik, Suat"]
[Black "Kovacevic, Sinisa"]
[Result "1-0"]
[WhiteElo "2564"]
[BlackElo "2229"]
[PlyCount "33"]
[EventDate "2016.07.15"]
[EventType "swiss"]
[EventRounds "9"]
[EventCountry "YUG"]
[SourceTitle "CBM 174"]
[Source "ChessBase"]
[SourceDate "2016.09.13"]
[SourceVersion "1"]
[SourceVersionDate "2016.09.13"]
[SourceQuality "1"]

1. d4 d5 2. c4 e6 3. Nf3 Nf6 4. g3 c6 5. Nbd2 Nbd7 6. Bg2 Bd6 7. 0-0 0-0 8. Qc2 Qe7 9. Re1 b6 10. e4 dxe4 11. Nxe4 Nxe4 12. Rxe4 Bb7 13. Bg5 Nf6 14. Ne5 Rfc8 15. Ng4 Rab8 16. Nxf6+ gxf6 17. Rh4 1-0

[Event "Gligoric Cup 2nd"]
[Site "Kragujevac"]
[Date "2014.12.12"]
[Round "7.4"]
[White "Kovacevic, Dragan"]
[Black "Kovacevic, Sinisa"]
[Result "1/2-1/2"]
[WhiteElo "2266"]
[BlackElo "2206"]
[PlyCount "31"]
[EventDate "2014.12.06"]
[EventType "team-tourn"]
[EventRounds "9"]
[EventCountry "SRB"]
[SourceTitle "CBM 164 Extra"]
[Source "ChessBase"]
[SourceDate "2015.03.02"]
[SourceVersion "1"]
[SourceVersionDate "2015.03.02"]
[SourceQuality "1"]
[WhiteTeam "Stara Pazova"]
[BlackTeam "Srbobran"]
[WhiteTeamCountry "SRB"]
[BlackTeamCountry "SRB"]

1. e4 e6 2. d3 c5 3. Nf3 Nc6 4. c3 d6 5. Be2 Nf6 6. 0-0 Be7 7. Nbd2 0-0 8. a3 e5 9. Re1 Bg4 10. Nf1 d5 11. N3d2 Be6 12. Ng3 Qd7 13. Qc2 a5 14. a4 g6 15. Nf3 h5 16. h3 1/2-1/2

[Event "Gligoric Cup 2nd"]
[Site "Kragujevac"]
[Date "2014.12.11"]
[Round "6.4"]
[White "Aleksic, Aleksandar"]
[Black "Kovacevic, Sinisa"]
[Result "1/2-1/2"]
[WhiteElo "2013"]
[BlackElo "2206"]
[PlyCount "80"]
[EventDate "2014.12.06"]
[EventType "team-tourn"]
[EventRounds "9"]
[EventCountry "SRB"]
[SourceTitle "CBM 164 Extra"]
[Source "ChessBase"]
[SourceDate "2015.03.02"]
[SourceVersion "1"]
[SourceVersionDate "2015.03.02"]
[SourceQuality "1"]
[WhiteTeam "Novi Sad Pravi potez"]
[BlackTeam "Srbobran"]
[WhiteTeamCountry "SRB"]
[BlackTeamCountry "SRB"]

1. e3 d5 2. d4 Nf6 3. Bd3 c5 4. c3 Nc6 5. f4 Bg4 6. Nf3 e6 7. 0-0 Bd6 8. Qe1 Bxf3 9. Rxf3 Qc7 10. Qg3 0-0 11. Nd2 Rad8 12. Qh4 Be7 13. Rh3 g6 14. g4 cxd4 15. g5 Nh5 16. cxd4 f6 17. gxf6 Rxf6 18. Qg4 Kh8 19. Nf3 Nb4 20. Be2 Rf5 21. a3 Nc2 22. Rb1 Qb6 23. b4 Rc8 24. Bd3 Rc3 25. Bxf5 exf5 26. Qg2 Nxe3 27. Bxe3 Rxe3 28. Qd2 Re4 29. Rxh5 gxh5 30. Kh1 Qh6 31. Rg1 Bf6 32. Qc3 Qf8 33. Ne5 Bxe5 34. dxe5 d4 35. Qc4 Rxf4 36. e6 Rg4 37. Rxg4 fxg4 38. Qxd4+ Kg8 39. Kg1 Qe7 40. Qxa7 Kg7 1/2-1/2

[Event "Gligoric Cup 2nd"]
[Site "Kragujevac"]
[Date "2014.12.06"]
[Round "1.2"]
[White "Tadic, Branko"]
[Black "Kovacevic, Sinisa"]
[Result "1-0"]
[WhiteElo "2508"]
[BlackElo "2206"]
[PlyCount "49"]
[EventDate "2014.12.06"]
[EventType "team-tourn"]
[EventRounds "9"]
[EventCountry "SRB"]
[SourceTitle "CBM 164 Extra"]
[Source "ChessBase"]
[SourceDate "2015.03.02"]
[SourceVersion "1"]
[SourceVersionDate "2015.03.02"]
[SourceQuality "1"]
[WhiteTeam "Goracici Jelica"]
[BlackTeam "Srbobran"]
[WhiteTeamCountry "SRB"]
[BlackTeamCountry "SRB"]

1. Nf3 d5 2. d4 Nf6 3. c4 e6 4. g3 c6 5. Qc2 Nbd7 6. Bg2 Bd6 7. 0-0 Qe7 8. Nc3 0-0 9. b3 b6 10. e4 dxe4 11. Nxe4 Nxe4 12. Qxe4 Bb7 13. Bf4 Bxf4 14. Qxf4 c5 15. Rad1 cxd4 16. Nxd4 Bxg2 17. Kxg2 Nf6 18. Qf3 Qc5 19. Rfe1 Rad8 20. Nc6 Rc8 21. Nxa7 Ra8 22. Nc6 Rfc8 23. Re5 Qa3 24. c5 Nd5 25. Rdxd5 1-0

[Event "Benasque op 19th"]
[Site "Benasque"]
[Date "1999.??.??"]
[Round "8"]
[White "Kovacevic, Sinisa"]
[Black "Al Modiahki, Mohamad"]
[Result "0-1"]
[WhiteElo "2120"]
[BlackElo "2528"]
[PlyCount "110"]
[EventDate "1999.07.??"]
[EventType "swiss"]
[EventRounds "10"]
[EventCountry "ESP"]
[SourceTitle "EXT 2001"]
[Source "ChessBase"]
[SourceDate "2000.11.22"]
[SourceVersion "1"]
[SourceVersionDate "2000.11.22"]
[SourceQuality "1"]

1. d4 Nf6 2. Nf3 g6 3. c3 Bg7 4. Bg5 0-0 5. Nbd2 d6 6. e4 Nbd7 7. Bc4 h6 8. Bh4 e5 9. dxe5 dxe5 10. 0-0 a5 11. Re1 Qe7 12. b3 b6 13. a3 Bb7 14. Qc2 Rfd8 15. b4 Nf8 16. Bf1 axb4 17. axb4 Rxa1 18. Rxa1 g5 19. Bg3 Ng6 20. Re1 Ne8 21. h3 h5 22. Nc4 g4 23. hxg4 hxg4 24. Nfd2 Qg5 25. Ne3 Nf6 26. Bc4 Bh6 27. Qa2 Rd7 28. Bb5 c6 29. Bc4 Nf4 30. Qc2 c5 31. bxc5 bxc5 32. Bb5 Rd8 33. Bc4 Bc6 34. Qa2 Be8 35. Qc2 N4h5 36. Ndf1 Nf4 37. Nf5 Bf8 38. Bh4 Qg6 39. N1e3 Bc6 40. Bxf6 Qxf6 41. g3 Nh3+ 42. Kh2 Ng5 43. Nxg4 Nf3+ 44. Kh3 Ng5+ 45. Kh4 Nf3+ 46. Kh3 Qh8+ 47. Nh4 Nxe1 48. Qe2 Be7 49. Qxe1 Bd7 50. f3 Qh6 51. Qf2 Qc1 52. Bd5 Rb8 53. Ng6 Kg7 54. Kg2 fxg6 55. Nxe5 Rb1 0-1

[Event "Benasque op 19th"]
[Site "Benasque"]
[Date "1999.??.??"]
[Round "9"]
[White "Pogorelov, Ruslan"]
[Black "Kovacevic, Sinisa"]
[Result "1-0"]
[WhiteElo "2512"]
[BlackElo "2120"]
[PlyCount "63"]
[EventDate "1999.07.??"]
[EventType "swiss"]
[EventRounds "10"]
[EventCountry "ESP"]
[SourceTitle "EXT 2001"]
[Source "ChessBase"]
[SourceDate "2000.11.22"]
[SourceVersion "1"]
[SourceVersionDate "2000.11.22"]
[SourceQuality "1"]

1. Nf3 c5 2. c4 Nf6 3. Nc3 e6 4. g3 b6 5. Bg2 Bb7 6. 0-0 a6 7. Re1 d6 8. e4 Be7 9. d4 cxd4 10. Nxd4 Qc7 11. Be3 0-0 12. Rc1 Nbd7 13. f4 Rfe8 14. b3 Rad8 15. g4 Nc5 16. Bf2 d5 17. cxd5 Qxf4 18. b4 Ncd7 19. dxe6 Ne5 20. Bg3 Qg5 21. h4 Qxg4 22. Bxe5 Qxh4 23. exf7+ Kxf7 24. Qb3+ Kg6 25. Nf3 Qh5 26. Ne2 Qg4 27. Bg3 Bd6 28. Nh4+ Kh6 29. Nf5+ Kg6 30. Nxd6 Rxd6 31. Bxd6 Bxe4 32. Qg3 1-0

[Event "Benasque op 19th"]
[Site "Benasque"]
[Date "1999.??.??"]
[Round "3"]
[White "Soriano Maya, Juan Pablo"]
[Black "Kovacevic, Sinisa"]
[Result "0-1"]
[WhiteElo "2190"]
[BlackElo "2120"]
[PlyCount "82"]
[EventDate "1999.07.??"]
[EventType "swiss"]
[EventRounds "10"]
[EventCountry "ESP"]
[SourceTitle "EXT 2001"]
[Source "ChessBase"]
[SourceDate "2000.11.22"]
[SourceVersion "1"]
[SourceVersionDate "2000.11.22"]
[SourceQuality "1"]

1. d4 Nf6 2. Nf3 e6 3. Bg5 c5 4. e3 Be7 5. Nbd2 b6 6. Bd3 Bb7 7. 0-0 0-0 8. c3 cxd4 9. exd4 d6 10. Re1 Nbd7 11. a4 a6 12. Qc2 h6 13. Bh4 Re8 14. h3 Qc7 15. Bg3 Bc6 16. Ne4 b5 17. axb5 axb5 18. Nxf6+ Nxf6 19. Nd2 Qb7 20. f3 Qb6 21. Ne4 Nh5 22. Bf2 Qb7 23. b3 Nf4 24. Rxa8 Rxa8 25. Bf1 Nh5 26. c4 b4 27. Rd1 Ra3 28. Be1 d5 29. cxd5 Bxd5 30. Rb1 Qb6 31. Bf2 Nf6 32. Qc8+ Kh7 33. Bd3 g6 34. Nxf6+ Bxf6 35. Qf8 Qb7 36. h4 h5 37. Rc1 Rxb3 38. Ba6 Qe7 39. Qxe7 Bxe7 40. Rc7 Rb1+ 41. Bf1 b3 0-1

[Event "YUG-ch U20"]
[Site "Kopaonik"]
[Date "1995.??.??"]
[Round "?"]
[White "Kovacevic, Sinisa"]
[Black "Djukic, Nikola"]
[Result "1-0"]
[WhiteElo "2070"]
[BlackElo "2300"]
[PlyCount "109"]
[EventDate "1995.??.??"]
[EventType "tourn"]
[EventRounds "13"]
[EventCountry "YUG"]
[SourceTitle "EXT 2006"]
[Source "ChessBase"]
[SourceDate "2005.11.24"]
[SourceVersion "1"]
[SourceVersionDate "2005.11.24"]
[SourceQuality "1"]

1. d4 d5 2. c4 e6 3. Nc3 c6 4. cxd5 exd5 5. Nf3 Nf6 6. Bg5 Be7 7. e3 Nbd7 8. Bd3 0-0 9. 0-0 Re8 10. Qc2 Nf8 11. Rab1 Be6 12. b4 Rc8 13. a4 Ng6 14. Ne5 Ng4 15. Bxe7 Qxe7 16. Nxg4 Bxg4 17. Bf5 Bxf5 18. Qxf5 Nh4 19. Qg4 g6 20. g3 Nf5 21. Qf3 Nd6 22. b5 h5 23. h4 Qe6 24. Ne2 Ne4 25. Nf4 Qf5 26. Rb2 c5 27. dxc5 Rxc5 28. Qd1 Rec8 29. Qd4 Nc3 30. Rd2 Qg4 31. Qe5 Qf3 32. Rd4 Ne4 33. Nd3 Rc3 34. Qf4 Nd2 35. Re1 Qxf4 36. Nxf4 Nf3+ 37. Kf1 Nxe1 38. Kxe1 Rc1+ 39. Ke2 R8c2+ 40. Kf3 Rc4 41. Rxd5 Rxa4 42. Rd8+ Kg7 43. Rd7 Ra2 44. Ne6+ Kf6 45. Ng5 Rcc2 46. Rxf7+ Ke5 47. Ne4 Kd5 48. Rxb7 Kc4 49. b6 axb6 50. Rxb6 Ra5 51. Rxg6 Rf5+ 52. Kg2 Kd3 53. Re6 Ke2 54. g4 Ra5 55. g5 1-0

[Event "YUG-ch U20"]
[Site "Kopaonik"]
[Date "1995.??.??"]
[Round "?"]
[White "Kovacevic, Sinisa"]
[Black "Ivanisevic, Ivan"]
[Result "0-1"]
[WhiteElo "2070"]
[BlackElo "2295"]
[PlyCount "72"]
[EventDate "1995.??.??"]
[EventType "tourn"]
[EventRounds "13"]
[EventCountry "YUG"]
[SourceTitle "EXT 2006"]
[Source "ChessBase"]
[SourceDate "2005.11.24"]
[SourceVersion "1"]
[SourceVersionDate "2005.11.24"]
[SourceQuality "1"]

1. d4 d5 2. c4 Nc6 3. Nf3 Bg4 4. e3 e5 5. Be2 e4 6. Ne5 Bxe2 7. Qxe2 Nxe5 8. dxe5 Qg5 9. 0-0 Qxe5 10. cxd5 Bd6 11. g3 Nf6 12. Nc3 a6 13. Qc4 h5 14. Qd4 Qf5 15. f3 exf3 16. Qd1 h4 17. Qxf3 Qg6 18. Qf5 hxg3 19. Qxg6 gxh2+ 20. Kh1 fxg6 21. Rf3 g5 22. e4 g4 23. Rf5 Nh5 24. Ne2 0-0-0 25. e5 Rdf8 26. Rxf8+ Rxf8 27. exd6 Rf2 28. Bf4 Rxe2 29. Bxh2 g3 30. Bg1 cxd6 31. b4 Nf4 32. Rc1+ Kd7 33. Rc3 g2+ 34. Kh2 Rxa2 35. Rg3 g6 36. Rg4 Ra3 0-1

[Event "YUG-ch U20"]
[Site "Kopaonik"]
[Date "1995.??.??"]
[Round "?"]
[White "Nagrocka, Ewa"]
[Black "Kovacevic, Sinisa"]
[Result "1/2-1/2"]
[WhiteElo "2165"]
[BlackElo "2070"]
[PlyCount "89"]
[EventDate "1995.??.??"]
[EventType "tourn"]
[EventRounds "13"]
[EventCountry "YUG"]
[SourceTitle "EXT 2006"]
[Source "ChessBase"]
[SourceDate "2005.11.24"]
[SourceVersion "1"]
[SourceVersionDate "2005.11.24"]
[SourceQuality "1"]

1. d4 Nf6 2. Bg5 g6 3. Bxf6 exf6 4. e3 Bg7 5. c4 0-0 6. Nc3 d6 7. g3 f5 8. Bg2 c6 9. Nge2 Nd7 10. 0-0 Nf6 11. b4 Re8 12. Qd3 Qc7 13. Rfc1 Rb8 14. b5 Bd7 15. a4 Qa5 16. Rcb1 Qc7 17. a5 a6 18. Nf4 Rec8 19. Ra3 Re8 20. Nfe2 Ne4 21. Rc1 Nxc3 22. Rcxc3 Qd8 23. bxa6 bxa6 24. Rcb3 Qc7 25. Qc3 Bf8 26. Nc1 Be7 27. Bf1 Qa7 28. Nd3 Rxb3 29. Rxb3 Rb8 30. Rxb8+ Qxb8 31. c5 Qb1 32. Qb4 Qxb4 33. Nxb4 dxc5 34. Nxa6 cxd4 35. exd4 Bd8 36. Nc5 Bc8 37. a6 Bb6 38. Bc4 Kf8 39. Kf1 Ke7 40. Ke2 f6 41. Kd3 Kd6 42. Bg8 Ke7 43. Bc4 Kd6 44. Bg8 Ke7 45. Bc4 1/2-1/2

[Event "YUG-ch U20"]
[Site "Kopaonik"]
[Date "1995.??.??"]
[Round "?"]
[White "Stojanovic, Mihajlo"]
[Black "Kovacevic, Sinisa"]
[Result "1-0"]
[WhiteElo "2320"]
[BlackElo "2070"]
[PlyCount "87"]
[EventDate "1995.??.??"]
[EventType "tourn"]
[EventRounds "13"]
[EventCountry "YUG"]
[SourceTitle "EXT 2006"]
[Source "ChessBase"]
[SourceDate "2005.11.24"]
[SourceVersion "1"]
[SourceVersionDate "2005.11.24"]
[SourceQuality "1"]

1. d4 g6 2. e4 c6 3. c4 Bg7 4. Nc3 d6 5. g3 Nf6 6. Bg2 0-0 7. Nge2 Nbd7 8. 0-0 e5 9. h3 Qc7 10. Be3 exd4 11. Nxd4 Re8 12. Re1 Nc5 13. Qc2 a5 14. b3 Nfd7 15. Rad1 Ne5 16. f4 Ned7 17. g4 Nf6 18. Bf3 Ne6 19. Nde2 Qe7 20. Ng3 Nc7 21. Qd2 Nd7 22. Kg2 Rd8 23. Nce2 Nf8 24. Bd4 Nfe6 25. Bxg7 Nxg7 26. f5 Nge8 27. Nf4 Bd7 28. Rh1 b5 29. cxb5 cxb5 30. h4 Bc6 31. g5 Qe5 32. h5 gxf5 33. Nxf5 Bxe4 34. Nh6+ Kg7 35. Bxe4 Qxe4+ 36. Kg3 Qe5 37. Kg4 Ne6 38. Nxe6+ Qxe6+ 39. Nf5+ Kh8 40. Rhe1 Qd7 41. Re7 Nf6+ 42. gxf6 Rg8+ 43. Kf4 Qc6 44. Rc1 1-0